000
00282nam a2200109Ia 4500
008
190914s9999||||xx |||||||||||||| ||und||
100
_a
Yen, Langari
245
0
_a
Fuzzy Logic Intelligence Control, and Information
260
_a
New Delhi
_b
Dorling
_c
2000
300
_a
455
942
_c
BK
999
_c
9916
_d
9916